000 01020nam a2200229 i 4500
001 31985
003 ES-MaACL
005 20250928113039.0
007 t|
008 030206m19111913fr ||||1| fre d
245 0 0 _aNouvelle pratique médico-chirurgicale illustrée /
_cdirecteurs, E. Brissaud, A. Pinard, P. Reclus ; secretaire, Henry Meige.
260 _aParis :
_bMasson,
_c1911-1913.
300 _a9 v. ;
_c25 cm.
505 8 _aContiene: I. Abasie-Blennorragie -- II. Blépharites-Diabète -- III. Diaphragme-Genu Varum -- IV. Gérodermie-Kystes -- V. Labyrinthe-Omoplate -- VI. Omphalite-Poudres -- VII. Pouls-Strophantus -- VIII. Strychnées-Zymothérapie -- IX. Premier supplément (années 1911-12).
650 4 _aMedicina-
_vEnciclopedias.
_914899
700 1 _aMeige, Henry.
_979830
700 1 _aBrissaud, Éduoard (
_d1852-1909)
_9154652
700 1 _aPinard, Adolphe,
_d1844-1934
_9154655
700 1 _aReclus, Paul (
_d1847-1914)
_9154656
852 _aES-MaACL
_jB-11546-54
999 _c31985
_d31985